000
00265nam a2200109Ia 4500
008
190216s9999||||xx |||||||||||||| ||und||
100
_a
Rudrabasavaraj M N
245
0
_a
Dynamic Personnel Administration
260
_b
S Chand & Co
_c
1998
300
_a
720p
942
_c
BK
999
_c
5704
_d
5704